Pensaments sobre l'educació / John Locke ; pròleg de Pere Solà i Gussinyer ; traducció de Pilar Espadaler
Descripción Física:
XXXIV, 207 p. ; 20 cm
Colección:
Textos pedagògics ; 29
Materias:
Educació
MARC
| LEADER | 00000nam a2200000Ia 4500 | ||
|---|---|---|---|
| 001 | 9730 | ||
| 008 | 160829s1991 xx 000 0 cat d | ||
| 080 | |a E-1-146 | ||
| 100 | |a Locke, John |9 27575 | ||
| 245 | |a Pensaments sobre l'educació / John Locke ; pròleg de Pere Solà i Gussinyer ; traducció de Pilar Espadaler | ||
| 260 | |a Vic : |b Eumo ; Barcelona : |b Diputació de Barcelona, |c 1991 | ||
| 300 | |a XXXIV, 207 p. ; |c 20 cm | ||
| 490 | |a Textos pedagògics ; 29 | ||
| 650 | |a Educació |9 25969 | ||
| 700 | 1 | |a Solà, Pere, |d 1945- |e autor del pròleg |9 25447 | |
| 700 | 1 | |a Espadaler, Pilar |e traductor |9 27577 | |
| 710 | 1 | |a Barcelona (Catalunya : Província). |b Diputació |9 52408 | |
| 901 | |a Arxiu | ||
| 942 | |n 1 |2 udc | ||
| 952 | |0 0 |1 0 |4 0 |6 E1146 |7 1 |9 44451 |a Arxiu |b Arxiu |d 2016-12-01 |l 0 |o E-1-146 |p 9730 |r 2016-12-01 00:00:00 |w 2016-12-01 |y ARXIU | ||
| 999 | |c 47032 |d 47032 | ||